Entry Personal Name
Number of records used in: 1
001 - CONTROL NUMBER
003 - CONTROL NUMBER IDENTIFIER
005 - DATE AND TIME OF LATEST TRANSACTION
- control field:
20231019115557.0
008 - FIXED-LENGTH DATA ELEMENTS
- fixed length control field:
191101n| azannaabn |b aaa c
010 ## - LIBRARY OF CONGRESS CONTROL NUMBER
- LC control number:
no2019162205
035 ## - SYSTEM CONTROL NUMBER
- System control number:
(OCoLC)oca12548806
040 ## - CATALOGING SOURCE
- Original cataloging agency:
NjP
- Language of cataloging:
eng
- Description conventions:
rda
- Transcribing agency:
NjP
100 1# - HEADING--PERSONAL NAME
- Personal name:
Wāfī, Suhayl ʻAbd al-Ḥakīm
375 ## - GENDER
- Gender:
Males
- Source of term:
lcdgt
377 ## - ASSOCIATED LANGUAGE
400 1# - SEE FROM TRACING--PERSONAL NAME
- Personal name:
وافي، سهيل عبد الحكيم
670 ## - SOURCE DATA FOUND
- Source citation:
al-ʻArabīyah bayna al-fuṣḥá wa-al-ʻāmmīyah, 2018:
- Information found:
title page (سهيل عبد الحكيم الوافي = Suhayl ʻAbd al-Ḥakīm al-Wāfī)